| 000 | 00638nam a22002177a 4500 | ||
|---|---|---|---|
| 003 | OSt | ||
| 005 | 20140310181743.0 | ||
| 008 | 130301t xxu||||| |||| 00| 0 eng d | ||
| 020 | _a9710862146 | ||
| 050 |
_aBX 2200 _bP38 2001 |
||
| 082 |
_aFIL 234.16 _bP27 2001 |
||
| 245 |
_aSacraments, marriage and family life _cPatambang, Myra A. , Esteban T. Salibay, Jr., Felinore Angelica H. Valera. |
||
| 260 |
_aMandaluyong City _bNational Book Store _cc2001 |
||
| 300 |
_axii, 232 p. : _bill. _c22cm |
||
| 521 | _aCollege | ||
| 526 | _c1210L-1700L | ||
| 541 | _j1 | ||
| 541 | _j2 | ||
| 562 | _e2 | ||
| 942 |
_2lcc _cBK-FIL _kFIL |
||
| 999 |
_c2855 _d2855 |
||